000 00433nam a2200181Ia 4500
008 090123s9999 xx 000 0 und d
082 _b38472
100 _aGEOFFREY CHAUCER
245 _aTHE CANTERBURY TALES
250 _a0
260 _bPOCKET BOOK
_c1971
300 _a383
600 _aGEOFFREY CHAUCER
630 _aTHE CANTERBURY TALES
700 _aGEOFFREY CHAUCER
730 _aTHE CANTERBURY TALES
942 _cBOOK
999 _c76542
_d76542